Statistics for Spongebob Squarepants Characters Quiz!!!

Click here to take the quiz!

General Stats

  • This quiz has been taken 16 times
  • The average score is 20 of 23

Answer Stats

First Name Last Name % Correct
BarnacleBoy
100%
SpongebobSquarepants
100%
ManRay
100%
DirtyBubble
100%
LarryThe Lobster
100%
GaryThe Snail
100%
MermaidMan
100%
SquidwardTentacles
100%
PatrickStar
100%
SandyCheeks
100%
EugeneKrabs
100%
The FlyingDutchman
92%
PoppyPuff
92%
KingNeptune
85%
BetsyKrabs
85%
KarenPlankton
85%
PearlKrabs
85%
PatchyThe Pirate
77%
SheldonPlankton
77%
BubbleBass
69%
SquilliamFancyson
69%
PottyThe Parrot
69%
PaintyThe Pirate
46%

Score Distribution

Percentile by Number Answered

Percent of People with Each Score

Your Score History

You have not taken this quiz